[Event "CZE-chT2d 0607"]
[Site "Czech Republic"]
[Date "2007.04.15"]
[Round "11"]
[White "Hlousek, Zdenek"]
[Black "Dospisil, Patrik"]
[Result "1-0"]
[WhiteElo "2278"]
[BlackElo "1987"]
[PlyCount "55"]
[EventDate "2006.10.15"]
[EventType "team"]
[EventRounds "11"]
[EventCountry "CZE"]
[SourceTitle "EXT 2009"]
[Source "ChessBase"]
[SourceDate "2008.11.26"]
[SourceVersion "1"]
[SourceVersionDate "2008.11.26"]
[SourceQuality "1"]

1. e4 g6 2. d4 Bg7 3. Nf3 d6 4. Nc3 Nc6 5. Be3 e6 6. Be2 Nge7 7. Qd2 f5 8. Bh6 Bf6 9. 0-0-0 Bd7 10. d5 Ne5 11. Nxe5 dxe5 12. Bg5 Ng8 13. h4 h6 14. Bxf6 Nxf6 15. Qe3 f4 16. Qc5 Qe7 17. Qxc7 Rc8 18. Qxe5 0-0 19. d6 Qd8 20. Kb1 Qb6 21. Qd4 Qa5 22. e5 Ne8 23. Bd3 Kg7 24. g3 f3 25. Qg4 Rf5 26. Bxf5 exf5 27. Qd4 Be6 28. d7 1-0